[Event "Karnataka State Open-ch 2018"]
[Site "Bengaluru"]
[Date "2018.04.15"]
[Round "3"]
[White "Ojas, Kulkarni"]
[Black "Hrishikesh, Rupesh Raghuvaran"]
[Result "1-0"]
[WhiteElo "2252"]
[BlackElo "1351"]
[Annotator "TA"]
[PlyCount "133"]
[EventDate "2018.??.??"]
[EventType "swiss"]
[EventCountry "IND"]
[SourceTitle "playchess.com"]
[Source "ChessBase"]
[SourceQuality "1"]

{[%evp 14,133,36,37,61,61,59,26,67,64,63,59,68,36,29,25,64,52,70,73,68,68,64,64,50,58,63,54,86,52,82,53,59,44,50,50,51,41,89,87,120,113,143,135,129,147,120,93,83,89,113,93,237,241,234,219,258,105,400,404,355,223,398,0,355,333,400,402,378,384,597,597,582,590,604,559,550,537,468,468,412,394,585,571,534,561,395,385,797,716,981,545,411,338,12797,11960,29982,3339,29983,29984,29984,29985,29985,29986,29986,29987,29989,29990,29990,29991,29991,29991,29991,29992,29992,29993,29993,29994,29994,29995,29995,29994]} 1. c4 Nf6 2. g3 g6 3. b3 Bg7 4. Bb2 O-O 5. Bg2 d6 6. d4 c5 7. Nf3 Nc6 8. d5 {LiveBook: 20 Games. E60: King's Indian: Unusual lines and Fianchetto Variation without Nc3} Nb8 (8... Na5 9. Nfd2 a6 10. a4 e6 11. Na3 exd5 12. cxd5 Bd7 13. Ra2 b5 14. O-O bxa4 15. bxa4 Rb8 {1-0 (52) Jobava,B (2705)-Brunello,S (2555) Heraklio 2017}) 9. O-O a6 10. a4 {White is slightly better.} Bf5 $146 ({Predecessor:} 10... Nbd7 11. Nbd2 Qc7 12. Qc2 b6 13. e4 Rb8 14. Rfb1 Bb7 15. h3 Ne8 16. Nf1 {½-½ (59) Fluegel,W-Duemmke,J Potsdam 1997}) 11. Nh4 Bxb1 12. Qxb1 Nbd7 13. Nf3 {[%cal Bh4f3,Bf3d2,Bd2c4][%mdl 32]} b5 14. Nd2 Qb6 15. Qc2 bxc4 16. Nxc4 Qc7 17. Bc3 Nb6 18. Ba5 Nfd7 19. Rab1 Qa7 20. Na3 Rfc8 21. Rfd1 Ne5 22. Bh3 f5 23. Nc4 Nbxc4 24. bxc4 Rcb8 25. f4 Nd7 26. e4 $36 {[%mdl 2048] White is in control.} Rxb1 27. Rxb1 Bd4+ 28. Kg2 fxe4 29. Qxe4 Nf6 30. Qc2 Rb8 31. Be6+ Kf8 32. Rb3 Rb7 (32... Kg7 $16 {was worth a try.}) 33. Qb1 $1 $18 Rxb3 34. Qxb3 h5 35. h3 (35. Bd2 $18 {is more deadly.}) 35... Ne8 $2 {[%mdl 8192]} (35... Qa8 $16) 36. Qb6 Qa8 {and the idea ...Ng7 leaves Black hopeful.} 37. Bd7 Nf6 $2 {[#]} (37... Bf6 38. Qb1 Ng7) 38. Be6 $2 ({White must play} 38. Qc6 $1 $18 {[%cal Rc6a8]} Qb8 39. Qc8+ Qxc8 40. Bxc8) 38... Qe8 $2 {[%mdl 8192] [#]} (38... Ne8 $1 $11 {and Black stays safe.}) 39. Qc6 $1 Qb8 {( -> ...Qb2+)} 40. Qc8+ Qxc8 41. Bxc8 {[%mdl 4096] Endgame KBB-KBN} Ne4 (41... e6 {is a better defense.} 42. Bxe6 Ke7) 42. Bxa6 Nc3 43. Bb5 $1 e6 44. Bxc3 Bxc3 45. dxe6 {KB-KB} Ke7 46. Kf3 Kxe6 47. Ke4 Bb4 (47... Kf7 $142 48. g4 hxg4) 48. Be8 d5+ 49. cxd5+ Kf6 50. Bb5 Bc3 $2 (50... Ba5 51. Kd3 Ke7) 51. d6 {[%cal Bd5d6,Bd6d7][%mdl 32]} Be1 52. g4 hxg4 53. hxg4 {[%cal Bh3g4,Bg4g5][%mdl 32]} Bd2 $2 (53... Ke6 54. Be8 Kxd6 55. Bxg6 Bc3) 54. Bc4 Bc3 55. g5+ Kg7 56. d7 {White mates.} Ba5 57. Ke5 Bc7+ 58. Ke6 Kf8 59. Bd3 Bd8 60. Bxg6 c4 61. Be4 c3 62. Bc2 Kg7 {[#]} 63. a5 $1 Bxa5 64. Ke7 Bb4+ 65. Ke8 Ba5 66. f5 {[%cal Bf4f5,Bf5f6][%mdl 32]} Bd8 67. f6+ {Precision: White = 77%, Black = 35%.} 1-0

[Event "Karnataka State Open-ch 2018"]
[Site "Bengaluru"]
[Date "2018.04.15"]
[Round "3"]
[White "Kulkarni, Vinayak"]
[Black "Nachiketh, Adiga"]
[Result "1-0"]
[WhiteElo "2179"]
[BlackElo "1348"]
[Annotator "TA"]
[PlyCount "61"]
[EventDate "2018.??.??"]
[EventType "swiss"]
[EventCountry "IND"]
[SourceTitle "playchess.com"]
[Source "ChessBase"]
[SourceQuality "1"]

{[%evp 13,61,7,15,3,20,21,21,0,45,-2,19,25,33,31,54,32,98,97,93,96,85,20,2,-21,-15,-22,0,-22,76,70,286,272,322,340,342,322,400,401,956,960,924,909,2437,2420,2244,2118,1983,1941,1654,1499]} 1. Nf3 Nf6 2. g3 g6 3. b3 Bg7 4. Bb2 b6 5. Bg2 Bb7 6. O-O {A05: Réti Opening: 1 Nf3 Nf6} O-O 7. d4 (7. c4 c5 8. e3 Na6 9. d4 d5 10. Nbd2 cxd4 11. Nxd4 Nc5 12. Qe2 Qc8 13. Rfd1 dxc4 14. Nxc4 Bxg2 15. Kxg2 Qb7+ 16. Qf3 {½-½ (48) Karjakin,S (2760)-Yu,Y (2751) Riadh 2017}) 7... d5 {LiveBook: 9 Games} 8. Ne5 {The position is equal.} Nc6 9. c4 $146 ({Predecessor:} 9. Nxc6 Bxc6 10. c4 Rc8 11. Nd2 {1-0 (29) Bezgodova,S (2100)-Savinova,Y (1772) Moscow 2012}) 9... e6 10. Qc1 Nd7 11. Nf3 Nf6 12. Rd1 Re8 13. Ne5 {Hoping for cxd5.} Qc8 14. Nc3 Rd8 (14... Nd8 $14) 15. cxd5 $16 Nxe5 16. dxe5 Nxd5 17. Nb5 (17. Ne4 $16) 17... Rd7 18. Qg5 a6 19. Na3 {[%cal Bb5a3,Ba3c4,Bc4d6][%mdl 32]} Qd8 20. Qc1 c5 {[#]} (20... b5 $11 {remains equal.}) 21. Nc4 $1 {Threatens to win with e4.} Bf8 $2 (21... Rb8 $14) 22. e4 $18 b5 {[#]} 23. Nd6 $1 {[%cal Rd6b7]} ({Not} 23. exd5 bxc4 24. d6 (24. bxc4 exd5 25. cxd5 Bxd5 $14) 24... cxb3 $16) 23... Bxd6 24. exd6 ({Weaker is} 24. exd5 Bc7 $16) 24... Nb6 25. Qxc5 Nc8 (25... f6 $142 26. Bxf6 Qxf6 27. Qxb6 Qb2) 26. Qe5 {[%csl Gb2][%cal Re5h8] White is clearly winning.} f6 27. Qxe6+ Kg7 {[#]} 28. Bxf6+ $1 {[%mdl 512]} Qxf6 29. Qxd7+ Qf7 30. Qxf7+ Kxf7 31. d7 {Precision: White = 63%, Black = 16%.} 1-0

[Event "Karnataka State Open-ch 2018"]
[Site "Bengaluru"]
[Date "2018.04.15"]
[Round "3"]
[White "Hegde, Ravi Gopal"]
[Black "Ritik, Kakeri"]
[Result "1-0"]
[WhiteElo "2139"]
[BlackElo "1347"]
[Annotator "TA"]
[PlyCount "45"]
[EventDate "2018.??.??"]
[EventType "swiss"]
[EventCountry "IND"]
[SourceTitle "playchess.com"]
[Source "ChessBase"]
[SourceQuality "1"]

{[%evp 13,44,109,126,119,118,104,188,151,262,262,268,288,321,307,322,322,393,372,2072,2029,2129,1943,2145,2067,6104,3819,29985,29987,29991,29992,29993,29994,29999]} 1. e4 c5 2. c3 {[%cal Bc2c3,Bc3d4,Bd4d5][%mdl 32]} d5 3. exd5 Qxd5 4. d4 cxd4 5. cxd4 Nc6 6. Nf3 Nf6 7. Nc3 Qd8 8. d5 {B22: Sicilian: 2 c3} (8. Be2 e6 9. O-O Be7 10. Bf4 a6 11. Qd2 O-O 12. Rfd1 Nb4 13. Ne5 Nbd5 14. Bg3 Bd7 15. Rac1 Rc8 16. Bf3 Bc6 17. Nxc6 bxc6 18. Nxd5 cxd5 19. Rxc8 Qxc8 {1-0 (33) Karpov,A (2312)-Prahov,G (2296) Talinka 2007}) 8... Nb8 9. Bc4 a6 {[#]} (9... g6 $16 10. Bf4 Bg7) 10. O-O $1 $18 {White is clearly better.} Bg4 $146 (10... g6 $16 11. Bg5 Bg7) ({Predecessor:} 10... g6 11. Bf4 {1-0 (42) Chavez,H-Guevara Sanchez,E Medellin 1996}) 11. h3 Bh5 12. Re1 Nbd7 13. Bg5 h6 14. Bxf6 gxf6 15. d6 {Nd5 is the strong threat.} Ne5 $2 {[#]} (15... Rc8 16. Bd5 e6 17. Bxb7 Rb8) 16. Nxe5 $1 {[%mdl 512] Intending d7+ and mate.} fxe5 17. Qxh5 Rh7 18. Qxe5 Bg7 19. Qf5 Qxd6 20. Bxf7+ {White mates.} Kf8 21. Be6+ Bf6 22. Qxh7 {[%csl Ge6][%cal Rh7g8]} Re8 23. Qf7# {Precision: White = 87%, Black = 21%.} 1-0

[Event "Karnataka State Open-ch 2018"]
[Site "Bengaluru"]
[Date "2018.04.15"]
[Round "3"]
[White "Brijesh, M."]
[Black "Girish, A. Koushik"]
[Result "0-1"]
[WhiteElo "1358"]
[BlackElo "2401"]
[Annotator "TA"]
[PlyCount "68"]
[EventDate "2018.??.??"]
[EventType "swiss"]
[EventCountry "IND"]
[SourceTitle "playchess.com"]
[Source "ChessBase"]
[SourceQuality "1"]

{[%evp 9,68,35,39,-61,-25,-18,-19,-42,-30,-33,-27,-23,-22,-21,41,33,47,36,72,0,0,-7,-13,-49,-47,-34,-41,-38,0,-78,-81,-82,-8,-25,0,-35,-22,-45,-11,-7,0,-85,-87,-82,-61,-79,12,-131,-130,-336,-335,-475,-469,-790,-497,-5410,-2620,-2330,-837,-29990,-29991]} 1. e4 e5 2. Nf3 Nc6 3. Bc4 Nf6 4. d3 Be7 5. c3 O-O {LiveBook: 317 Games} 6. b4 {C55: Two Knights: 4 d3, 4 d4 exd4 5 e5 and Max Lange Attack} (6. Nbd2 $14) (6. Nbd2 d6 7. Bb3 Na5 8. Bc2 c5 9. Nf1 Nc6 10. Ng3 Re8 11. O-O d5 12. Re1 d4 13. Bb3 Be6 14. Ng5 {1-0 (67) Neiksans,A (2631)-Ponomariov,R (2709) Tallinn 2016}) 6... a6 7. a4 d5 8. exd5 {The position is equal.} Nxd5 9. O-O Bg4 10. Bb2 $146 ({Predecessor:} 10. h3 Bh5 11. Re1 Kh8 12. g4 Bg6 13. Nxe5 Nxe5 14. Rxe5 {0-1 (31) Koval,M (2083)-Ondo,R (2048) Slovakia 2005}) 10... Nf4 11. Bc1 g5 (11... Bg5 $11) 12. Bxf4 $14 gxf4 13. Nbd2 Bd6 14. Ne4 (14. Bd5 $16) 14... Kh8 $11 15. h3 Bh5 $1 16. Nxd6 cxd6 17. Bd5 Rg8 18. Kh2 Rg7 (18... Ne7 $5 {[%cal Re7d5]} 19. Bxb7 Ra7 20. Nxe5 dxe5 21. Qxh5 Rxb7 22. Qxe5+ Rg7 $11) 19. g4 (19. b5 $11 Qa5 20. g3 (20. Bxc6 bxc6 21. bxa6 Qxc3 $15)) 19... fxg3+ $1 $17 20. fxg3 f5 (20... Ne7 $17 21. Qb3 (21. Bxb7 Ra7 $17) 21... f5) 21. Qe1 $11 Ne7 22. Bb3 Ng6 23. Qf2 Bxf3 24. Qxf3 f4 $36 {[%mdl 2048] Black is pushing.} 25. g4 (25. gxf4 $11 {keeps the balance.} Qc8 26. f5 Qxc3 27. f6) 25... Rc8 26. Rac1 Qf6 27. Bd5 Rcc7 ({Black should play} 27... Nh4 $17 28. Qe2 h5 $1 {[%mdl 512]} 29. gxh5 f3 $1 {[%mdl 512]} 30. Rxf3 (30. Bxf3 $2 Qf4+ 31. Kh1 Nf5 $19) 30... Nxf3+ 31. Qxf3 Qxf3 32. Bxf3 Rf8) 28. c4 (28. Rg1 $11 {remains equal.}) 28... Nh4 $17 29. Qf2 $2 {[#]} (29. Qe2 $17) 29... h5 $1 $19 {[%mdl 512]} 30. Rg1 {[#]} (30. g5 $142 Rxg5 31. Rg1 (31. Qxh4 $2 Rg2+ 32. Bxg2 Qxh4 $19)) (30. gxh5 f3) 30... hxg4 $1 31. hxg4 (31. Rxg4 $142 Rxg4 32. hxg4) 31... Rh7 {( -> ...Nf5+)} 32. Be4 {[#]} (32. Rh1 $142 Nf5+ 33. Kg1) 32... f3 $1 {[%mdl 512]} 33. Rg3 Qf4 (33... Nf5+ $142 34. Kg1 Qh6 35. Bxf3 Qxc1+ 36. Qf1 Qf4) 34. Bxh7 Rxh7 {Precision: White = 25%, Black = 36%.} 0-1

[Event "Karnataka State Open-ch 2018"]
[Site "Bengaluru"]
[Date "2018.04.15"]
[Round "3"]
[White "Dhanush, Ram M"]
[Black "Gahan, M G"]
[Result "0-1"]
[WhiteElo "1352"]
[BlackElo "2281"]
[Annotator "TA"]
[PlyCount "38"]
[EventDate "2018.??.??"]
[EventType "swiss"]
[EventCountry "IND"]
[SourceTitle "playchess.com"]
[Source "ChessBase"]
[SourceQuality "1"]

{[%evp 17,37,66,72,45,85,45,56,33,42,29,65,-1732,-1742,-29995,-29996,-29996,-29997,-29998,-29998,-29998,-29999,-29999]} 1. e4 c5 2. Nf3 e6 3. d4 cxd4 4. Nxd4 a6 5. Bd3 Nf6 6. O-O Qc7 7. c4 Bc5 8. Nb3 Ba7 {B42: Sicilian: Kan Variation: 5 Bd3} 9. Nc3 d6 {LiveBook: 3 Games} 10. Kh1 h5 $146 {[%cal Bh7h5,Bh5h4,Bh4g3][%mdl 32] White is slightly better.} ({Predecessor:} 10... Nc6 11. f4 Bd7 12. Qf3 Nd4 13. Nxd4 Bxd4 14. Ne2 Bc5 15. Bd2 e5 16. f5 Bc6 17. b4 Ba7 18. b5 Bd7 19. a4 Bc5 20. Qg3 h6 21. Qxg7 Ke7 22. Nc3 {1-0 (22) Grimberg,B (2362)-Kveinys,A (2522) Cappelle-la-Grande 2009}) 11. f3 Nc6 12. Qe2 h4 13. Be3 Nh5 14. Nd2 $2 {[%mdl 8192] [#]} (14. Bxa7 $14 Rxa7 15. f4) 14... Ng3+ $1 $19 {[%mdl 512]} 15. hxg3 hxg3+ {Black mates.} 16. Kg1 Qe7 17. Bxa7 {[#]} Rh1+ $1 {[%mdl 512]} 18. Kxh1 Qh4+ 19. Kg1 Qh2# {Precision: White = 15%, Black = 48%.} 0-1

[Event "Karnataka State Open-ch 2018"]
[Site "Bengaluru"]
[Date "2018.04.15"]
[Round "3"]
[White "Chidanand, A."]
[Black "Yashas, D."]
[Result "0-1"]
[WhiteElo "1350"]
[BlackElo "2243"]
[Annotator "TA"]
[PlyCount "44"]
[EventDate "2018.??.??"]
[EventType "swiss"]
[EventCountry "IND"]
[SourceTitle "playchess.com"]
[Source "ChessBase"]
[SourceQuality "1"]

{[%evp 11,44,-6,-1,-36,-29,-35,-30,-40,-34,-29,117,113,110,114,109,-64,-29,-73,-55,-48,-13,-313,-299,-762,-756,-848,-860,-860,-791,-786,-774,-767,-741,-29998,-29999]} 1. e4 d5 2. exd5 Nf6 3. Nc3 Nxd5 4. Nxd5 Qxd5 5. d4 Nc6 6. Nf3 Bg4 {White should prevent ...Bxf3.} 7. c3 {B02: Alekhine's Defence: Chase Variation and lines with early Nc3} (7. Be2 e6 8. O-O Be7 9. h3 Bh5 10. c4 Qd6 11. d5 exd5 12. cxd5 Bxf3 13. Bxf3 Ne5 14. Bf4 O-O 15. Bxe5 Qxe5 16. Qe2 Qf6 {0-1 (57) Lerendegui Lasa,O (2124)-Del Rio de Angelis,S (2535) Villava 2018}) 7... e5 8. Be2 exd4 9. O-O {[%cal Rf3d4,Bh1f1,Bf1c1,Bc1c4][%mdl 32] Black has an edge.} O-O-O {[#] And now ...d3 would win.} 10. cxd4 Nxd4 (10... f5 $11) 11. Nxd4 $16 Bxe2 12. Qxe2 {Black must now prevent Nf3.} Qxd4 {[#]} 13. Be3 $2 (13. Bg5 $1 $16 Bd6 14. Bxd8 Rxd8 15. Rfe1) 13... Qa4 14. Rfc1 $146 ({Predecessor:} 14. b3 Qa5 15. Bf4 Bd6 16. Bxd6 Rxd6 {1-0 (30) Kurishev,A (1594)-Kachalov,V Dagomys 2009}) 14... Bd6 15. Rc4 Qa5 $40 {[%mdl 128] Black is up to no good.} 16. b3 $2 {[%mdl 8192]} (16. Qg4+ $11 {and White stays safe.} f5 17. Qxg7) 16... Qe5 $19 17. Qg4+ $2 (17. Qd1 Qxh2+ 18. Kf1) 17... f5 18. Qd4 Qxh2+ 19. Kf1 Be5 20. Qxa7 Qh1+ 21. Ke2 Qxa1 {[%csl Gd8][%cal Ra1d1]} 22. Bg5 Qd1+ {Precision: White = 25%, Black = 31%.} 0-1

[Event "Karnataka State Open-ch 2018"]
[Site "Bengaluru"]
[Date "2018.04.15"]
[Round "3"]
[White "Gangadhar, T."]
[Black "Arvind, Shastry"]
[Result "0-1"]
[WhiteElo "1347"]
[BlackElo "2175"]
[Annotator "TA"]
[PlyCount "58"]
[EventDate "2018.??.??"]
[EventType "swiss"]
[EventCountry "IND"]
[SourceTitle "playchess.com"]
[Source "ChessBase"]
[SourceQuality "1"]

{[%evp 15,58,-7,-4,-16,3,-25,-27,-34,8,-26,-14,-85,-85,-243,-247,-243,-242,-249,-251,-370,-327,-454,-421,-581,-567,-778,-768,-829,-824,-806,-781,-612,-447,-448,-294,-267,-267,-317,-307,-348,-344,-356,-367,-360,-366]} 1. e4 c5 2. Nf3 d6 3. d4 cxd4 4. Nxd4 Nf6 5. Nc3 g6 6. Bb5+ Bd7 7. Bxd7+ Nbxd7 8. Be3 Bg7 9. Qd2 {B72: Sicilian Dragon: 6 Be3, lines with h3+Bc4 and sidelines} (9. f4 O-O 10. Qf3 Rc8 11. O-O Qa5 12. Rad1 Qb4 13. Rb1 Nb6 14. a3 Qa5 15. Nb3 Qa6 16. Bd4 Na4 {1-0 (49) Muzychuk,M (2447)-Zhigalko,A (2600) Warsaw 2009}) 9... Ng4 10. O-O-O Nxe3 11. Qxe3 {Black has an edge.} O-O 12. f4 $146 ({Predecessor:} 12. h4 Qb6 13. h5 Ne5 14. b3 Ng4 15. Qg3 Bxd4 {0-1 (58) Sirokov,J-Decrop,H Kemer 2007}) 12... Rc8 13. g4 (13. h4 $11 {remains equal.}) 13... Nb6 $36 {[%cal Bd7b6,Bb6c4,Bc4a3][%mdl 2080] Black is in control.} 14. Rd3 $2 {[#]} (14. Nd5 $17) 14... Nc4 $19 15. Qg1 Qa5 ({But not} 15... Qb6 16. b3) 16. Nb3 Qa6 {Threatens to win with ...Bxc3.} 17. a3 {[#]} (17. Nd4 $142) 17... Nxa3 $1 {[%mdl 512]} 18. e5 (18. bxa3 Rxc3) 18... Nc4 19. exd6 exd6 20. Qg2 Nxb2 21. Kxb2 Rxc3 22. Rxc3 Rc8 23. Kc1 Rxc3 24. Kd1 Qc6 25. Qxc6 Rxc6 26. Rf1 b6 27. f5 Be5 28. fxg6 hxg6 29. h3 a5 {Precision: White =  9%, Black = 75%.} 0-1

[Event "Karnataka State Open-ch 2018"]
[Site "Bengaluru"]
[Date "2018.04.15"]
[Round "4"]
[White "Stany, G.A"]
[Black "Aswat, Narayanan R"]
[Result "1-0"]
[WhiteElo "2493"]
[BlackElo "1356"]
[Annotator "TA"]
[PlyCount "83"]
[EventDate "2018.??.??"]
[EventType "swiss"]
[EventCountry "IND"]
[SourceTitle "playchess.com"]
[Source "ChessBase"]
[SourceQuality "1"]

{[%evp 13,83,48,54,48,53,53,45,43,43,39,64,49,63,61,62,53,137,137,129,139,133,133,129,133,139,132,150,146,172,154,212,209,224,209,222,236,303,302,305,304,300,292,290,286,495,427,417,418,491,472,623,579,604,617,761,409,850,816,771,524,570,537,652,615,613,610,677,675,5110,4874,2041,1954]} 1. e4 c5 2. Nf3 Nc6 3. Bb5 a6 4. Bxc6 bxc6 5. O-O d6 6. h3 e5 7. c3 {B51: Sicilian: Moscow Variation (3 Bb5+) without 3...Bd7} Nf6 {LiveBook: 3 Games} (7... f5 8. Qa4 Qc7 9. exf5 Bxf5 10. d4 e4 11. Re1 Be7 12. Ng5 d5 13. Bf4 Qd7 14. f3 h6 15. Nxe4 dxe4 16. fxe4 {0-1 (51) Nedeljkovic,D (2152)-Govedarica,R (2419) Belgrade 2013}) 8. Re1 Be7 9. d4 {White is slightly better.} cxd4 10. cxd4 exd4 11. Nxd4 Qc7 12. Nc3 O-O 13. Bg5 $146 ({Predecessor:} 13. Qf3 Be6 14. Nf5 Bxf5 15. Qxf5 {1-0 (52) Colic,N (2273)-Petrovic,D (2215) Pozarevac 2009}) 13... h6 14. Bh4 c5 (14... Re8 $14) 15. Bxf6 $1 $16 Bxf6 16. Nd5 Qd8 17. Nc6 {[%cal Bd4c6,Bc6a5,Ba5c4,Bc4d6][%mdl 32]} Qd7 18. Nxf6+ gxf6 19. Na5 $36 {[%mdl 2048] White is really pushing.} Kh7 20. Nc4 {Hoping for Nb6.} Rg8 {[#] ...Rxg2+! is the strong threat.} 21. Re3 {Black must now prevent Nb6.} Qb7 (21... Qc6 $16 {was worth a try.} 22. Qxd6 (22. Nxd6 Be6 $16) 22... Qxd6 23. Nxd6 Rd8) 22. Qc2 $18 Be6 23. Nxd6 Qc6 24. f4 {[%cal Bf2f4,Bf4f5][%mdl 32]} Rg7 25. e5+ f5 26. Nxf5 Bxf5 27. Qxf5+ Kh8 {[%csl Gg7][%cal Rc6g2] [#]} 28. Qe4 Qc8 $2 (28... Rg6 29. Rc1 Rb8) 29. f5 Rb8 30. b3 Rb4 31. Qf3 Rd4 32. Rae1 Rd2 33. R3e2 Qd8 34. Kh2 Qd4 (34... Rd3 $142 35. Qf4 Qg5 36. Qxg5 Rxg5) 35. Rxd2 {White is clearly winning.} Qxd2 {[%mdl 4096] Endgame KQR-KQR} 36. Re2 Qd4 37. Qe3 Qh4 38. Rc2 Qh5 39. Qf4 Kh7 40. Rd2 Rg5 41. g4 Qh4 42. Qg3 {Precision: White = 84%, Black = 39%.} 1-0

[Event "Karnataka State Open-ch 2018"]
[Site "Bengaluru"]
[Date "2018.04.15"]
[Round "4"]
[White "Thejkumar, M. S"]
[Black "Raghavendra G"]
[Result "1-0"]
[WhiteElo "2493"]
[BlackElo "1599"]
[Annotator "TA"]
[PlyCount "75"]
[EventDate "2018.??.??"]
[EventType "swiss"]
[EventCountry "IND"]
[SourceTitle "playchess.com"]
[Source "ChessBase"]
[SourceQuality "1"]

{[%evp 17,75,-18,-14,-18,4,-11,0,-15,12,0,12,-10,8,6,29,8,29,16,31,28,22,9,21,19,25,17,20,33,23,25,40,35,35,0,47,0,41,40,165,153,202,197,200,178,165,188,321,331,341,353,597,593,518,575,550,517,560,560,560,567]} 1. d4 d5 2. Nf3 Nf6 3. c4 e6 4. Nc3 Nbd7 5. cxd5 exd5 6. Bf4 c6 7. Qc2 Be7 8. e3 Nh5 {D35: Queen's Gambit Declined: Exchange Variation} 9. Be5 Nxe5 {LiveBook: 3 Games} 10. Nxe5 Nf6 {The position is equal.} (10... O-O {with more complications.} 11. O-O-O Bd6 12. h3 g6 13. g4 Ng7) 11. Bd3 Be6 12. h3 $146 ({Predecessor:} 12. O-O O-O 13. Na4 h6 14. Nc5 Bxc5 15. Qxc5 Qb6 16. b4 Qxc5 17. bxc5 {1-0 (51) Romanov,E (2605)-Sveshnikov,V (2374) Warsaw 2010}) 12... Rc8 13. O-O O-O 14. Na4 Qc7 15. f4 c5 (15... Bd6 {keeps more tension.} 16. Nc5 Qe7 17. Rac1 g6 18. a3 Rcd8) 16. dxc5 Bxc5 (16... Qa5 {feels hotter.} 17. b4 Qxb4 18. Rab1 Qa3 19. Rxb7 Bxc5 20. Nxc5 Rxc5 21. Rb3 Qa5) 17. Qxc5 Qxc5 18. Nxc5 Rxc5 19. Nf3 Ne4 20. Bxe4 dxe4 21. Nd4 Bc4 22. Rfc1 {[#] Threatens to win with b3.} Rfc8 23. Kf2 Bd3 24. Rxc5 Rxc5 $14 {[%mdl 4096] Endgame KRB-KRN} 25. Ke1 g5 26. Kd2 gxf4 27. exf4 f5 (27... Kf8 $14) 28. g4 $18 fxg4 29. hxg4 Rc7 30. Rh1 Rg7 31. g5 Rg6 (31... Bc4 {was necessary.} 32. Ke3 Bxa2) 32. Rc1 h6 {[#]} 33. Nf5 $1 hxg5 $2 (33... Rb6 {might work better.} 34. Nxh6+ Kh7) 34. Ne7+ {White is clearly winning.} Kf7 35. Nxg6 Kxg6 36. Rg1 g4 37. Rxg4+ Kf5 38. Rh4 {Precision: White = 56%, Black = 10%.} 1-0

[Event "Karnataka State Open-ch 2018"]
[Site "Bengaluru"]
[Date "2018.04.15"]
[Round "4"]
[White "Girish, A. Koushik"]
[Black "Muralidhara G K"]
[Result "1-0"]
[WhiteElo "2401"]
[BlackElo "1591"]
[Annotator "ChessBase"]
[PlyCount "45"]
[EventDate "2018.??.??"]
[EventType "swiss"]
[EventCountry "IND"]
[SourceTitle "playchess.com"]
[Source "ChessBase"]
[SourceQuality "1"]
[TimeControl "5400+30"]

1. Nf3 {[%emt 0:00:00]} Nf6 {[%emt 0:00:08]} 2. c4 {[%emt 0:00:00]} e6 {[%emt 0:00:05]} 3. g3 {[%emt 0:00:01]} b6 {[%emt 0:00:35]} 4. Bg2 {[%emt 0:00:04]} Bb7 {[%emt 0:00:06]} 5. O-O {[%emt 0:00:05]} Be7 {[%emt 0:00:22]} 6. Nc3 {[%emt 0:00:11]} O-O {[%emt 0:00:42]} 7. Re1 {[%emt 0:00:10]} c5 {[%emt 0:00:11]} 8. e4 {[%emt 0:00:07]} d6 {[%emt 0:00:17]} 9. d4 {[%emt 0:00:09]} cxd4 {[%emt 0:00:15]} 10. Nxd4 {[%emt 0:00:06]} Nbd7 {[%emt 0:00:46]} 11. e5 {[%emt 0:01:48]} Bxg2 {[%emt 0:00:18]} 12. exf6 {[%emt 0:00:05]} Nxf6 {[%emt 0:00:32]} 13. Kxg2 {[%emt 0:00:04]} Rc8 {[%emt 0:02:09]} 14. Qe2 {[%emt 0:01:14]} Qc7 {[%emt 0:00:24]} 15. Bg5 {[%emt 0:02:43]} Qc5 {[%emt 0:01:03]} 16. Qd2 {[%emt 0:03:13]} Qxc4 {[%emt 0:00:50]} 17. Nf5 {[%emt 0:00:50]} Qc6+ {[%emt 0:02:12]} 18. Kg1 {[%emt 0:00:09]} Rfe8 {[%emt 0:01:54]} 19. Nxe7+ {[%emt 0:00:11]} Rxe7 {[%emt 0:00:12]} 20. Bxf6 {[%emt 0:00:04]} gxf6 {[%emt 0:00:39]} 21. Nd5 {[%emt 0:00:06]} Qxd5 {[%emt 0:04:29]} 22. Qxd5 {[%emt 0:00:28]} exd5 {[%emt 0:00:23]} 23. Rxe7 {[%emt 0:00:05]} 1-0